000 00756nam a2200229 i 4500
001 171090
003 ES-MaACL
005 20250521063442.0
007 t|
008 090427s1964 fr ||||1| fre d
080 _a821.112.2-293.1"18"
100 1 _aWagner, Richard,
_d1813-1883
_9240522
245 1 0 _aParsifal /
_cRichard Wagner ; préface et traduction de Marcel Beaufils.
260 _a[Paris] :
_bAubier,
_c1964.
300 _a195 p. ;
_c19 cm.
490 1 _aCollection bilingue
546 _aTexto alemán y traducción en francés.
700 1 _aBeaufils, Marcel.
_9139962
830 0 _aCollection bilingue
_9189005
852 4 _aES-MaACL
_jE-12614
_9R.140222
_z. - Biblioteca Jacinto Martínez Lacalle
999 _c171090
_d171090